书目信息 |
| 题名: |
中医治疗急难病证十二讲
|
|
| 作者: | 钟孟良 编著 | |
| 分册: | ||
| 出版信息: | 北京 中国中医药出版社 1993 |
|
| 页数: | 164页 | |
| 开本: | 19cm | |
| 丛书名: | ||
| 单 册: | ||
| 中图分类: | R242 | |
| 科图分类: | 62.27 | |
| 主题词: | 急性病--中医治疗法 | |
| 电子资源: | ||
| ISBN: | 7-80089-185-2 | |
| 000 | 00892n|m0 2200277 450 | |
| 001 | 0102598040 | |
| 005 | 20121109170000.0 | |
| 010 | @a7-80089-185-2@dCNY3.90 | |
| 011 | @a7-80089-185-2 | |
| 100 | @a20021005d1993 em y0chiy0110 ea | |
| 101 | 0 | @achi |
| 102 | @aCN@b110000 | |
| 105 | @ay z 000yy | |
| 135 | @adrbn ---auuuu | |
| 200 | 1 | @a中医治疗急难病证十二讲@9Zhong Yi Zhi Liao Ji Nan Bing Zheng Shi Er Jiang @f钟孟良编著@b电子资源.图书 |
| 210 | @a北京@c中国中医药出版社@d1993 | |
| 215 | @a164页@d19cm | |
| 314 | @a钟孟良,副主任医师 | |
| 325 | @a电子复制品 | |
| 330 | @a本书以讲座形式介绍了“猝死”、肺源性心脏病心衰、冠心病、中风、急性发热等十几种急难病证的诊疗思路和治疗方药。 | |
| 606 | 0 | @a急性病@x中医治疗法 |
| 690 | @aR242@v3 | |
| 692 | @a62.27 | |
| 701 | 0 | @a钟孟良@9zhong meng liang@4编著 |
| 801 | 0 | @aCN@bAZmarc@c20230904 |
| 905 | @dR242@e160@f3@sR242/160@aBZT | |
| 中医治疗急难病证十二讲/钟孟良编著[电子资源.图书].-北京:中国中医药出版社,1993 |
| 164页;19cm |
| ISBN 7-80089-185-2:CNY3.90 |
| 本书以讲座形式介绍了“猝死”、肺源性心脏病心衰、冠心病、中风、急性发热等十几种急难病证的诊疗思路和治疗方药。 |
| ● |
| 相关链接 |
|
|
|
正题名:中医治疗急难病证十二讲
索取号:R242/160
 
预约/预借
| 序号 | 登录号 | 条形码 | 馆藏地/架位号 | 状态 | 备注 |
| 1 | 2000109163 | 2000109163 | 旧书回溯/ [索取号:R242/160] | 在馆 | |
| 2 | 2000109164 | 2000109164 | 旧书回溯/ [索取号:R242/160] | 在馆 | |
| 3 | 2000109165 | 2000109165 | 旧书回溯/ [索取号:R242/160] | 在馆 |